00654 a2200217 4500003000500000005001700005010001700022020004700039035001300086040000900099082001000108100004300118245010500161260003200266300001600298650003900314650003600353651001300389700001700402700001700419Nust20170207154045.0 a 2008922736 a978-0-387-74067-6 (hardcover : alk. paper) a15173846 cNust04a330.91 aAxel Dreher, Noel Gaston, Pim Martens.10aMeasuring globalisation (E-Book)bgauging its consequences /cAxel Dreher, Noel Gaston, Pim Martens. aNew York :bSpringer,c2008 axvi, 224 s. 7aGlobaliseringxekonomiska aspekter 7aGlobaliseringxsociala aspekter a(E-Book)1 aGaston, Noel1 aMartens, Pim